00757nam a2200193 i 450000100060000000300090000600500170001500700030003200800410003510000330007624501380010926000350024730000220028261000470030470000410035185200320039299900170042495201220044142725ES-MaACL20251113144909.0t|030313s1969 sp ||||1| spa d1 aCastiñeiras, Jaime.93678810aPlan de formación social b: aprobado por la Comisión Episcopal de Apostolado Social / cJaime Castiñeiras, Javier Domínguez. aBilbao : bMensajero, c[1969] a327 p. ; c19 cm.24aIglesia Católica-xDoctrina social946421 aDomínguez, Javier, d1929-9152738 aES-MaACLjC-51615 bR.70829 c42725d42725 00104070aATENEOMbATENEOMcDEPO2d2008-01-17eSCl0oC-51615p1044978r2023-02-23 00:00:00w2023-02-23yMONOGRAFIA